[Event "AUS-ch U18"]
[Site "Canberra"]
[Date "2007.01.25"]
[Round "10"]
[White "Ikeda, Junta"]
[Black "Haselgrove, Miles"]
[Result "1-0"]
[WhiteElo "2146"]
[BlackElo "1918"]
[PlyCount "71"]
[EventDate "2007.01.14"]
[EventType "swiss"]
[EventRounds "11"]
[EventCountry "AUS"]
[SourceTitle "EXT 2008"]
[Source "ChessBase"]
[SourceDate "2007.11.25"]
[SourceVersion "1"]
[SourceVersionDate "2007.11.25"]
[SourceQuality "1"]

1. d4 Nf6 2. Nf3 g6 3. c4 Bg7 4. Nc3 d6 5. Bf4 0-0 6. h3 Nbd7 7. Bh2 Re8 8. e3 c6 9. Be2 Qb6 10. Qc2 e5 11. 0-0 a5 12. Rad1 e4 13. Nd2 d5 14. cxd5 Nxd5 15. Ndxe4 N7f6 16. Nd6 Nb4 17. Qd2 Rd8 18. e4 Na6 19. Kh1 Bf8 20. Nxc8 Raxc8 21. e5 Nd5 22. Bc4 Nac7 23. f4 Ne7 24. g4 Qb4 25. Be2 c5 26. a3 Qb3 27. f5 Rxd4 28. Qc1 Ncd5 29. e6 Nxc3 30. bxc3 Qd5+ 31. Kg1 Rxd1 32. Rxd1 Qe4 33. Bd3 Qf3 34. exf7+ Kh8 35. Be5+ Bg7 36. f6 1-0

[Event "AUS-ch U18"]
[Site "Canberra"]
[Date "2007.01.20"]
[Round "6"]
[White "Chow, Justin"]
[Black "Haselgrove, Miles"]
[Result "0-1"]
[WhiteElo "1470"]
[BlackElo "1918"]
[PlyCount "84"]
[EventDate "2007.01.14"]
[EventType "swiss"]
[EventRounds "11"]
[EventCountry "AUS"]
[SourceTitle "EXT 2008"]
[Source "ChessBase"]
[SourceDate "2007.11.25"]
[SourceVersion "1"]
[SourceVersionDate "2007.11.25"]
[SourceQuality "1"]

1. e4 c5 2. Nc3 d6 3. f4 g6 4. Nf3 Bg7 5. Bc4 e6 6. 0-0 Ne7 7. d3 0-0 8. Qe1 d5 9. Bb3 Nbc6 10. Qh4 Na5 11. f5 Nxb3 12. Bh6 Nxf5 13. Qxd8 Rxd8 14. Bxg7 Nxa1 15. Bf6 Re8 16. Rxa1 Ne3 17. Nb5 Bd7 18. Nc7 Nxc2 19. Rd1 Nb4 20. Ne5 Rac8 21. Nxe8 Bxe8 22. a3 Nc6 23. Ng4 b5 24. Rf1 Kf8 25. Rf3 h5 26. Nf2 Ne7 27. Nh3 Ng8 28. Be5 dxe4 29. dxe4 Ke7 30. Rc3 Nf6 31. Nf2 c4 32. Kf1 Bc6 33. Re3 Nd7 34. Bc3 e5 35. Bb4+ Ke6 36. Nh3 f6 37. Ke2 Rd8 38. Nf2 Nb6 39. Nd1 Rd4 40. Nf2 Na4 41. Bc3 Nxc3+ 42. bxc3 Bd7 0-1

[Event "WA State-ch"]
[Site "South Perth"]
[Date "2006.07.31"]
[Round "5"]
[White "Haselgrove, Miles"]
[Black "Dunlop, Gordon"]
[Result "1-0"]
[WhiteElo "1751"]
[BlackElo "1802"]
[PlyCount "107"]
[EventDate "2006.07.02"]
[EventType "swiss"]
[EventRounds "9"]
[EventCountry "AUS"]
[SourceTitle "EXT 2008"]
[Source "ChessBase"]
[SourceDate "2007.11.25"]
[SourceVersion "1"]
[SourceVersionDate "2007.11.25"]
[SourceQuality "1"]

1. e4 g6 2. d4 Bg7 3. f4 d6 4. Nf3 Nd7 5. Bc4 c5 6. c3 cxd4 7. cxd4 Nb6 8. Bb3 Bd7 9. Nc3 Nh6 10. h3 0-0 11. g4 Kh8 12. g5 Ng8 13. Qe2 a5 14. a4 Rc8 15. Be3 Rc7 16. Nd2 e5 17. dxe5 Rc6 18. exd6 h5 19. e5 Qc8 20. h4 Bg4 21. Qd3 Bf5 22. Qd4 Qd7 23. Nc4 Nc8 24. Ne4 b6 25. Nf6 Qb7 26. Rh2 Rd8 27. Nxg8 Kxg8 28. Qd2 Be6 29. Qe2 Bf8 30. Nd2 Bg4 31. Qd3 Bf5 32. Qe2 Bg4 33. Qg2 Be6 34. Bxe6 fxe6 35. Ne4 Kf7 36. Nc3 Nxd6 37. exd6 Bxd6 38. Bd2 Bb4 39. Ne4 Qe7 40. Bc3 Rc4 41. Qf3 Rdd4 42. Re2 Qd7 43. Bxb4 Rxb4 44. Kf2 Qc6 45. Rae1 Rxa4 46. Kg3 Qc7 47. Re3 Rab4 48. b3 b5 49. Rd3 a4 50. bxa4 bxa4 51. Red1 Qb6 52. Nc3 Rxf4 53. Rd7+ Ke8 54. Qa8+ 1-0

[Event "AUS-ch op U20"]
[Site "Perth "]
[Date "2004.01.20"]
[Round "7"]
[White "Haselgrove, Miles"]
[Black "McGowan, Daniel"]
[Result "1-0"]
[WhiteElo "1434"]
[BlackElo "948"]
[PlyCount "35"]
[EventDate "2004.01.14"]
[EventType "swiss"]
[EventRounds "11"]
[EventCountry "AUS"]
[SourceTitle "EXT 2006"]
[Source "ChessBase"]
[SourceDate "2005.11.24"]
[SourceVersion "1"]
[SourceVersionDate "2005.11.24"]
[SourceQuality "1"]

1. e4 c5 2. Nf3 e6 3. d4 cxd4 4. Nxd4 Nf6 5. Nc3 Nc6 6. Nxc6 bxc6 7. e5 Nd5 8. Nxd5 cxd5 9. Bd3 Qc7 10. Bf4 Rb8 11. Rb1 Qa5+ 12. Qd2 Qxd2+ 13. Kxd2 Bc5 14. f3 Rb6 15. a3 Ba6 16. b4 Be7 17. Be3 Rc6 18. b5 1-0

[Event "AUS-ch op U20"]
[Site "Perth "]
[Date "2004.01.14"]
[Round "1"]
[White "Haselgrove, Miles"]
[Black "Lattimore, Tor"]
[Result "0-1"]
[WhiteElo "1434"]
[BlackElo "1765"]
[PlyCount "44"]
[EventDate "2004.01.14"]
[EventType "swiss"]
[EventRounds "11"]
[EventCountry "AUS"]
[SourceTitle "EXT 2006"]
[Source "ChessBase"]
[SourceDate "2005.11.24"]
[SourceVersion "1"]
[SourceVersionDate "2005.11.24"]
[SourceQuality "1"]

1. e4 c5 2. Nf3 Nc6 3. d4 cxd4 4. Nxd4 Nf6 5. Nc3 e6 6. Nxc6 bxc6 7. e5 Nd5 8. Nxd5 exd5 9. Bd3 d6 10. exd6 Bxd6 11. 0-0 Qh4 12. Re1+ Be6 13. g3 Qh3 14. c4 0-0 15. Bf1 Qf5 16. cxd5 Bxd5 17. Bg2 Bb4 18. Re2 Bc4 19. Re4 Rad8 20. Qa4 Qb5 21. Qxb5 Rd1+ 22. Bf1 Bxb5 0-1

[Event "AUS-ch U18"]
[Site "Adelaide"]
[Date "2003.01.23"]
[Round "10"]
[White "Behne Smith, David"]
[Black "Haselgrove, Miles"]
[Result "0-1"]
[WhiteElo "1108"]
[BlackElo "1397"]
[PlyCount "88"]
[EventDate "2003.01.??"]
[EventType "swiss"]
[EventRounds "11"]
[EventCountry "AUS"]
[SourceTitle "EXT 2006"]
[Source "ChessBase"]
[SourceDate "2005.11.24"]
[SourceVersion "1"]
[SourceVersionDate "2005.11.24"]
[SourceQuality "1"]

1. e4 c6 2. c4 d5 3. cxd5 cxd5 4. exd5 Nf6 5. d4 Nxd5 6. Bc4 Nc6 7. Nf3 Nb6 8. Bb3 e6 9. 0-0 Be7 10. Nc3 0-0 11. d5 exd5 12. Nxd5 Nxd5 13. Bxd5 Qc7 14. Qb3 b6 15. Bg5 Bb7 16. Bxe7 Qxe7 17. Rfe1 Qf6 18. Bxc6 Bxc6 19. Ne5 Bb7 20. f3 Rfe8 21. Qe3 Re6 22. Ng4 Qxb2 23. Qb3 Qxb3 24. axb3 Rxe1+ 25. Rxe1 Kf8 26. Rc1 Rc8 27. Rd1 Ke7 28. Ne5 Rc7 29. Ra1 a6 30. Nc4 b5 31. Na5 Bd5 32. b4 Rc2 33. Rd1 Ke6 34. Re1+ Kf6 35. Rd1 Ke6 36. Re1+ Kd6 37. Rd1 Ke5 38. h3 Rb2 39. Rc1 Rxb4 40. Rc6 Rb1+ 41. Kf2 Bxc6 42. Nxc6+ Kd5 43. Ne7+ Kc5 44. Ke3 Re1+ 0-1

[Event "AUS-ch U18"]
[Site "Adelaide"]
[Date "2003.01.18"]
[Round "6"]
[White "Neeman, Jeremy"]
[Black "Haselgrove, Miles"]
[Result "1/2-1/2"]
[WhiteElo "1145"]
[BlackElo "1397"]
[PlyCount "128"]
[EventDate "2003.01.??"]
[EventType "swiss"]
[EventRounds "11"]
[EventCountry "AUS"]
[SourceTitle "EXT 2006"]
[Source "ChessBase"]
[SourceDate "2005.11.24"]
[SourceVersion "1"]
[SourceVersionDate "2005.11.24"]
[SourceQuality "1"]

1. e4 c6 2. d4 d5 3. Nc3 dxe4 4. Nxe4 Nd7 5. Nf3 Ngf6 6. Nxf6+ Nxf6 7. Bc4 Bf5 8. 0-0 e6 9. Bf4 Bd6 10. Bg3 Bxg3 11. fxg3 Qb6 12. Bd3 Bxd3 13. Qxd3 0-0-0 14. Ne5 Rxd4 15. Qe3 Nd5 16. Qf2 f6 17. Nf3 Rb4 18. Qxb6 Rxb6 19. b3 c5 20. c4 Ne7 21. Rfd1 Rd8 22. Rxd8+ Kxd8 23. Nd2 Rc6 24. Ne4 b6 25. Rd1+ Kc7 26. Nc3 a6 27. Ne4 Nf5 28. Kf2 Nd4 29. b4 h6 30. a4 e5 31. b5 axb5 32. axb5 Re6 33. Ra1 Kb7 34. Nc3 Nb3 35. Rd1 Re7 36. Rd8 Na5 37. Nd5 Rf7 38. Ke3 Ka7 39. Kd3 Nb7 40. Re8 Rd7 41. Kc3 Nd6 42. Re6 Nxb5+ 43. cxb5 Rxd5 44. Re7+ Kb8 45. Rxg7 e4 46. Re7 Re5 47. Rxe5 fxe5 48. g4 Kc7 49. h4 Kd6 50. g5 hxg5 51. h5 Ke6 52. g4 Kf6 53. Kc4 e3 54. Kd3 e2 55. Kxe2 c4 56. Kd2 e4 57. Kd1 Kg7 58. Kd2 Kh7 59. Kd1 Kg8 60. Kd2 Kf7 61. Kd1 Ke6 62. Kd2 Ke5 63. Kd1 Kf6 64. Kd2 Kg7 1/2-1/2

[Event "AUS-ch U18"]
[Site "Adelaide"]
[Date "2003.01.16"]
[Round "5"]
[White "Haselgrove, Miles"]
[Black "Wongwichit, Phachara"]
[Result "0-1"]
[WhiteElo "1397"]
[BlackElo "1718"]
[PlyCount "66"]
[EventDate "2003.01.??"]
[EventType "swiss"]
[EventRounds "11"]
[EventCountry "AUS"]
[SourceTitle "EXT 2006"]
[Source "ChessBase"]
[SourceDate "2005.11.24"]
[SourceVersion "1"]
[SourceVersionDate "2005.11.24"]
[SourceQuality "1"]

1. d4 d5 2. Bg5 h6 3. Bh4 Nd7 4. e3 Ngf6 5. Nf3 e6 6. Bd3 Bd6 7. c3 e5 8. dxe5 Nxe5 9. Nxe5 Bxe5 10. Nd2 0-0 11. Nf3 Bd6 12. Qc2 Re8 13. 0-0-0 c6 14. Rhg1 b5 15. Nd4 Bd7 16. Bxf6 Qxf6 17. h3 a5 18. b3 Rab8 19. e4 dxe4 20. Bxe4 Qf4+ 21. Kb1 Qxe4 22. Qxe4 Rxe4 23. Nxb5 cxb5 24. Rxd6 Bf5 25. Ka1 Re2 26. g4 Bc2 27. f4 Rh2 28. Rc1 a4 29. b4 f5 30. g5 hxg5 31. fxg5 Be4 32. g6 Rxh3 33. Rcd1 Rh1 0-1

[Event "AUS-ch U18"]
[Site "Adelaide"]
[Date "2003.01.15"]
[Round "4"]
[White "Utturkar, Ashwin"]
[Black "Haselgrove, Miles"]
[Result "1/2-1/2"]
[WhiteElo "1286"]
[BlackElo "1397"]
[PlyCount "41"]
[EventDate "2003.01.??"]
[EventType "swiss"]
[EventRounds "11"]
[EventCountry "AUS"]
[SourceTitle "EXT 2006"]
[Source "ChessBase"]
[SourceDate "2005.11.24"]
[SourceVersion "1"]
[SourceVersionDate "2005.11.24"]
[SourceQuality "1"]

1. d4 Nf6 2. Bg5 Ne4 3. Bf4 d5 4. Nf3 e6 5. e3 Bd6 6. Bxd6 Nxd6 7. Nbd2 0-0 8. Bd3 Nd7 9. c3 c5 10. e4 dxe4 11. Nxe4 Nxe4 12. Bxe4 Nf6 13. Qc2 Nxe4 14. Qxe4 Qb6 15. Rb1 cxd4 16. Qxd4 Qxd4 17. Nxd4 e5 18. Nf3 Bf5 19. Rd1 f6 20. Nh4 Be6 21. b3 1/2-1/2